000 01053nab a22002417a 4500
999 _c5910
_d5910
003 OSt
005 20260110020400.0
008 190605e xxu||||| |||| 00| 0 spa d
040 _cPJ
100 _96638
_aPanozzo, Octavio R.
245 1 0 _aHacia una nueva indemnización por despido /
_cOctavio R. Panozzo.
260 _aCiudad Autónoma de Buenos Aires :
_bThomson Reuters La Ley,
_c2023.
300 _ap. 57-60
500 _aCita: TR LALEY AR/DOC/2537/2023.
505 _a Sumario: I. Introducción.— II. El contrato laboral y la sanción por su incumplimiento.— III. La indemnización por despido incausado.
505 _t¿Te interesa el texto completo? Solicitalo al correo: koha@justierradelfuego.gov.ar
650 0 _91316
_aDERECHO LABORAL
650 0 _91323
_aCONTRATO DE TRABAJO
650 0 _91533
_aDESPIDO
650 0 _91534
_aINDEMNIZACION POR DESPIDO
773 0 _02711
_93168
_dCiudad Autónoma de Buenos Aires : Thomson Reuters La Ley, 1999-2002.
_tRevista de derecho del trabajo. Nº 6 - Noviembre 2023
942 _2udc
_cANA